Monster High Guess - Statistics

General Stats
  • This quiz has been taken 501 times
  • The average score is 35 of 67
Answer Stats
Hint Answer % Correct
Werewolf Clawd Wolf
91%
Frankenstein Frankie Stein
91%
Yeti Abbey Bominable
89%
Dracula Draculaura
88%
werewolf Clawdeen Wolf
87%
Zombie Ghoulia Yelps
87%
Mummy Cleo De Nile
86%
Ghost Spectra Vondergeist
83%
Sea Monster Lagoona Blue
80%
Medusa Deuce Gorgon
79%
werewolf Howleen Wolf
77%
Plant Monster Venus Mcflytrap
74%
Genie Gigi Grant
69%
Robot Elle Eedee
68%
River Monster Gillington Webber
67%
werecat Toralei Stripe
67%
werewolf Clawdia Wolf
65%
Phantom operetta
64%
Mad Scientist Robecca Steam
64%
Gargoyle Rochelle Goyle
64%
Fire elementals Heath Burns
62%
Boogey Man Twyla
62%
Chinese Dragon Jinafire Long
61%
Mr and Mrs Hyde Holt Hyde
60%
Dr and Mrs Jekyll Jackson Jekyll
59%
Vampire Elissabat
56%
Honey Island swamp Monster Honey Swamp
56%
Los Eskeletos Skelita Calaveras
56%
werecat Catty Noir
55%
Invisible Man Invisi Billy
55%
werecat Meowlody
54%
werecat Purrsephone
54%
Cyclops Iris Clops
53%
Deer Spirit Isi Dawndancer
52%
Poltergeist Porter Geiss
51%
Banshee Scarah Screams
51%
Grim Reaper River Styxx
50%
Faceless ghost Kiyomi Haunterly
49%
Ghost and Mermaid Sirena Von boo
48%
Doctor BooLittle Jane Boolittle
46%
Zombie and unicorn Neighthan Rot
45%
Pirate Ghost Vandala Doubloons
45%
Moth and a Skeleton Bonita Femur
43%
zombie Slo Mo Mortavitch
43%
Moth man Luna Mothews
42%
Comet Aliens Astranova
41%
Loch ness monster Lorna Mcnessie
41%
Centaur and a Harpy Avea Trotter
40%
Corpse Flower Amanita Nightshade
39%
Ghost Ari hauntington
38%
werecat Catrine Demew
35%
Arachne Wydowna Spider
35%
Stheno Viperine Gorgon
34%
Kraken Kala Mer'ri
32%
Poseidon Posea Reef
29%
South American Bigfoot Marisol Coxi
28%
White Vampire bat Batsy Claro
26%
Troll Kjersti Trollson
24%
zombie Moanica Dkay
24%
Unknown Gooliope Jellington
23%
Gray werewolf Silvi Timberwolf
22%
Golden Hind Gilda Goldstag
21%
Davy Jones Dayna Treasura Jones
19%
Tree Nymph Treesa Thornwillow
18%
Circle Casta Fierce
17%
Hydra Peri Pearl Serpentine
14%
Ghost Skyra Bouncegait
5%
No matching quizzes found
Score Distribution
Percent of People with Each Score
Percentile by Number Answered
Your Score History
You have not taken this quiz